El Pueblo Guaymí y su futuro /
محفوظ في:
| مؤلفون مشاركون: | , |
|---|---|
| التنسيق: | نص |
| منشور في: |
Panamá:
Centro de Estudios y Acción Social-Panamá. CEASPA. Comité Patrocinador del Foro sobre el pueblo guaymí y su futuro
|
| الوسوم: |
إضافة وسم
لا توجد وسوم, كن أول من يضع وسما على هذه التسجيلة!
|
MARC
| LEADER | 00000 a a2200000 04500 | ||
|---|---|---|---|
| 001 | 20893 | ||
| 003 | |||
| 040 | |||
| 090 | |a 1001 P977p | ||
| 110 | |a Centro de Estudios y Acción Social de Panamá | ||
| 245 | |a El Pueblo Guaymí y su futuro / |c Centro de Estudios y Acción Social de Panamá | ||
| 260 | |a Panamá: |b Centro de Estudios y Acción Social-Panamá. CEASPA. Comité Patrocinador del Foro sobre el pueblo guaymí y su futuro | ||
| 300 | |a 403 p | ||
| 710 | |a CEASPA |a Comité Patrocinador del Foro sobre el pueblo guaymí y su futuro | ||
| 999 | |c 11770 |d 11770 | ||
